000 01068nam a2200277 i 4500
001 68283
003 ES-MaACL
005 20250905101956.0
007 t|
008 040616s2002 sp ||||0| ger d
020 _a84-95486-48-2
040 _aM-BN
_bspa
_cM-BN
080 _a7.036(460)(083.824)
245 0 0 _aBig sur
_b: neue Spanische Kunts : Hamburger Bahnhof, Museum für Gegenwart-Berlin, 19. April-30. Juni 2002 = arte nuevo español /
_c[organiza], Museo Nacional Centro de Arte Reina Sofía.
260 _a[Madrid] :
_bSociedad Estatal de Conmemoraciones Culturales,
_c[2002]
300 _a159 p :
_bil. col ;
_c27 cm.
650 1 4 _aArte español-
_yS.XX-
_vExposiciones.
_910206
655 7 _2tgfbne
_9193628
_aCatálogos de exposiciones
710 2 _aHamburger Bahnhof.
_94556
710 2 _aMuseo Nacional Centro de Arte Reina Sofía
_9147737
710 2 _aStaatliche Museen zu Berlin-Preussischer Kulturbesitz.
_96888
852 _aES-MaACL
_jL-28028
_bR.133586
942 _2udc
999 _c68283
_d68283